Currency used in African Countries - Sudden Death - Statistics

General Stats
  • This quiz has been taken 316 times
  • The average score is 7 of 16
Answers on the Grid
Answers color-coded by a green-red scale on the quiz's grid according to % correct below.
Ariary
Kwanza
Pula
Escudo
Nakfa
Dalasi
Cedi
Shilling
Loti
Kwacha
Naira
Dobra
Rand
Lilangeni
Leone
Tenge
Togrog
Tala
Lari
Metical
Quetzal
Lek
Ringgit
Peso
Vatu
Ruble
Krone
Forint
Lira
Rufiyaa
 
Answer Stats
Answer % Correct
Shilling
68%
Kwanza
66%
Rand
66%
Leone
60%
Kwacha
56%
Naira
53%
Lilangeni
51%
Nakfa
43%
Cedi
40%
Escudo
39%
Dalasi
37%
Pula
37%
Metical
34%
Ariary
33%
Dobra
31%
Loti
28%
No matching quizzes found
Score Distribution
Percent of People with Each Score
Percentile by Number Answered
Your Score History
You have not taken this quiz